[Event "Mlada Boleslav Region-ch"]
[Site "Mlada Boleslav"]
[Date "2015.06.20"]
[Round "3"]
[White "Elias, Jakub"]
[Black "Janda, Lukas"]
[Result "1/2-1/2"]
[WhiteElo "1444"]
[BlackElo "1106"]
[PlyCount "80"]
[EventDate "2015.06.20"]
[EventType "swiss"]
[EventRounds "7"]
[EventCountry "CZE"]
[SourceTitle "EXT 2017"]
[Source "ChessBase"]
[SourceDate "2016.10.25"]
[SourceVersion "1"]
[SourceVersionDate "2016.10.25"]
[SourceQuality "1"]

1. e4 e5 2. Nf3 Nc6 3. Bc4 Nf6 4. d3 Bc5 5. Nc3 d6 6. Bg5 Bg4 7. h3 Bxf3 8. Qxf3 Nd4 9. Qd1 h6 10. Bh4 Bb4 11. 0-0 Bxc3 12. bxc3 Ne6 13. Rb1 b6 14. Bb5+ Ke7 15. d4 g5 16. dxe5 dxe5 17. Bg3 Nf4 18. f3 Qxd1 19. Rbxd1 Rhd8 20. Bxf4 gxf4 21. Rd3 Rxd3 22. Bxd3 Rd8 23. Rb1 Nd7 24. Rd1 Nc5 25. Kf2 Na4 26. c4 c5 27. a3 Nb2 28. Rd2 Nxd3+ 29. cxd3 Kd6 30. a4 a6 31. Rb2 Kc6 32. Ke2 a5 33. Rb1 Rg8 34. Rg1 h5 35. Kf2 h4 36. Rd1 Rd8 37. Ke2 f6 38. Kf2 Rg8 39. Rd2 Rg7 40. Rd1 Rg8 1/2-1/2